000 00576nam a2200181Ia 4500
008 090123s9999 xx 000 0 und d
082 _b39329
100 _aबोरुडे संजय
245 _aआत्मा फिक्सिंग
250 _a1
260 _bप्राजक्ता प्रकाशन
_c2006
300 _a152
600 _aबोरुडे संजय
630 _aआत्मा फिक्सिंग
700 _aबोरुडे संजय
730 _aआत्मा फिक्सिंग
942 _cBOOK
999 _c77390
_d77390